00668nam a2200205Ia 4500008004100000100003700041245005600078245003700134260001300171260000900184300003400193440004400227650001200271650002700283650001800310650002100328942001200349999001900361952008200380190412s9999 xx 000 0 und d aSumit Agarwal & Itzhak Ben-David aLoan prospecting and the loss of soft information / cSumit Agarwal & Itzhak Ben-David belsevier c2018 apages 608-628, September 2018 aJournal of Financial Economicsv129 (3) aFINANCE aInformation Production aLoan Officers aLoan Prospecting 2lcccSE c361386d361386 00102lcc40aCLbCLcPERd2019-04-27l0r2019-04-27 00:00:00w2019-04-27ySE